000 00914nam a22002777a 4500
003 CHAP
005 20220329135438.0
008 971013s1982 r 00010 d
010 _a36616
011 _a37588
035 _a41708
040 _cCHAP
082 _a636.4
_bM47
110 _aMéxico. Dirección General de Avicultura y Otras Especies Menores
_976961
245 _aManual básico de porcicultura
260 _a(México, D.F.) :
_bLa Dirección,
_c(1982)
300 _a97 p.
_b; mapa
590 _aBATCH-UPD
_b10
_c20130110
_lUCH01
_h2315
590 _aCONVERSION
_b10
_c20130109
_lUCH01
_h1320
650 1 4 _aGanado porcino.
_945328
901 _aBK
942 _cLIBRO
949 _a636.4 M47
_bBC
_cLIBRO
_d-153427
_eLIBRO
_fc.2
_h62246
_i41708
_si
949 _a636.4 M47
_bBC
_cLIBRO
_d33724000746368
_eLIBRO
_fc.3
_h62247
_i41708
_si
949 _a636.4 M47
_bBC
_cLIBRO
_d33724002053611
_eLIBRO
_h61444
_i41708
_si
999 _c36616
_d36616